| 000 | 00522nam a22001817a 4500 | ||
|---|---|---|---|
| 005 | 20170420171154.0 | ||
| 010 | _aENG-117783 | ||
| 020 |
_a9789381311103 _c895.00 |
||
| 035 | _aEN-101315 | ||
| 037 | _bDBAD/PUB | ||
| 082 | _a363.325 | ||
| 100 | _aK.K.Singh | ||
| 245 |
_aThe world terrorist organizations / _cby K.K.Singh |
||
| 260 |
_aDelhi _bGlobal Exchange Publishers _c2016 |
||
| 270 |
_a1362, Kashmere Gate _b Delhi _e110006 |
||
| 300 | v |
_axv,343p. _c22cm (Hb) |
|
| 942 |
_2ddc _cEN _mSIN _h363.325 |
||
| 999 |
_c139107 _d139107 |
||